| 000 | 00798nam a22002297a 4500 | ||
|---|---|---|---|
| 999 |
_c10804 _d10804 |
||
| 003 | AR-CdUCM | ||
| 008 | 190402b ||||| |||| 00| 0 spa d | ||
| 020 | _a84-294-1448-7 | ||
| 040 |
_aMUNICIPALIDAD PROVINCIAL DEL CUSCO _cBIBLIOTECA MUNICIPAL DEL CUSCO |
||
| 082 |
_aES / 373.460 / _bG463 |
||
| 100 |
_aGil, Pilar (supervisor pedagógica) _927842 |
||
| 245 |
_aLenguaje 7 : _bEGB Santillana / |
||
| 260 |
_aMadrid : _bSantillana, _c1977. |
||
| 300 |
_a302 páginas ; _bIlustraciones, _c24 cm. |
||
| 505 | _aContenido: Unidad 1 -- Unidad 2 -- Unidad 3 -- Unidad 4 -- Unidad 5... | ||
| 650 |
_aComunidacion _927843 |
||
| 650 |
_aTexto escolar _92070 |
||
| 650 |
_aLibro de actividades _927520 |
||
| 700 |
_aViera, Féliz (revisión científica) _927844 |
||
| 942 |
_2ddc _cLIBROS |
||
| 945 | _adavv | ||